Poesías de D. Antonio Ros de Olano / (Record no. 163958)

MARC details
000 -LEADER
campo de control de longitud fija 01018nam a22002535i 4500
001 - NÚMERO DE CONTROL
campo de control 163958
003 - IDENTIFICADOR DE NÚMERO DE CONTROL
campo de control ES-MaACL
005 - FECHA Y HORA DE LA ÚLTIMA TRANSACCIÓN
campo de control 20240416161429.0
008 - DATOS DE LONGITUD FIJA--INFORMACIÓN GENERAL
campo de control de longitud fija 950206s1886 sp |||| | spa d
040 ## - FUENTE DE CATALOGACIÓN
Centro catalogador/agencia de origen GA
100 1# - ENTRADA PRINCIPAL--NOMBRE DE PERSONA
Nombre de persona Ros de Olano, Antonio.
9 (RLIN) 99585
245 10 - MENCIÓN DEL TÍTULO
Título Poesías de D. Antonio Ros de Olano /
Mención de responsabilidad, etc. con un prólogo de D. Pedro A. de Alarcón.
260 ## - PUBLICACIÓN, DISTRIBUCIÓN, ETC.
Lugar de publicación, distribución, etc. Madrid :
Nombre del editor, distribuidor, etc. [s.n.],
Fecha de publicación, distribución, etc. 1886 (
Fabricante Imp. y fundición de M. Tello)
300 ## - DESCRIPCIÓN FÍSICA
Extensión 329, [10] p. ;
Dimensiones 18 cm.
490 1# - MENCIÓN DE SERIE
Mención de serie Colección escritores castellanos. Líricos ;
Designación de volumen o secuencia 43
505 8# - NOTA DE CONTENIDO CON FORMATO
Nota de contenido con formato Sonetos ; La pajarera ; Doloridas ; Por pelar la pava ; La gallomagia ; Lenguaje de las estaciones ; Galatea
597 ## - NOTA DE DESCRIPCIÓN FÍSICA
NOTA DE DESCRIPCIÓN FÍSICA Port. a dos tintas orlada.
700 11 - ENTRADA AGREGADA--NOMBRE PERSONAL
Nombre de persona Alarcón, Pedro Antonio de,
Fechas asociadas al nombre 1833-1891
Término indicativo de función/relación
9 (RLIN) 19134
752 ## - ENTRADA AGREGADA--NOMBRE JERÁRQUICO DEL LUGAR
País o entidad superior España -
Ciudad Madrid
830 0# - PUNTO DE ACCESO ADICIONAL DE SERIE-TÍTULO UNIFORME
Título uniforme Colección escritores castellanos. Líricos ;
Designación de volumen o secuencia 43
9 (RLIN) 222318
852 ## - LOCALIZACIÓN
Ubicación ES-MaACL
Número de control de estantería D-2215
Nota libre -- Enc. hol.
852 ## - LOCALIZACIÓN
Ubicación ES-MaACL
Número de control de estantería F-12673
Nota libre -- Enc. hol.
Holdings
Estatus retirado Estado de pérdida Estado de daño No para préstamo Colección Biblioteca de origen Biblioteca actual Ubicación en estantería Fecha de adquisición Fuente de adquisición Total de préstamos Signatura topográfica completa Código de barras Visto por última vez Precio de reemplazo Tipo de ítem Koha
        Libros del s. XIX Biblioteca del Ateneo de Madrid Biblioteca del Ateneo de Madrid Sala Pecera Planta 2 17/01/2008     F-12673 1171841 23/02/2023 23/02/2023 Libro impreso antiguo
        Libros del s. XIX Biblioteca del Ateneo de Madrid Biblioteca del Ateneo de Madrid Sala Valle Inclán 17/01/2008     D-2215 901171840 23/02/2023 23/02/2023 Libro impreso antiguo